| 000 | 00597nam a2200193 a 4500 | ||
|---|---|---|---|
| 001 | 5840 | ||
| 003 | CDMR | ||
| 005 | 20131213160521.0 | ||
| 008 | 130220s2003||||||||||||||||||||||||||||d | ||
| 020 | _a848307589X | ||
| 040 |
_aCDMR _bcat _cCDMR |
||
| 100 | 1 |
_aLmrabet, Alí _92867 |
|
| 245 | 1 | 0 |
_aMañana _b: a favor de la libertad de expresión en Marruecos _cAlí Lmrabet ; edició y presentación de Laura Feliu y Bernabé López García |
| 260 |
_aBarcelona _bPenínsula _c2003 |
||
| 300 |
_a158 p. ; _c20 cm |
||
| 490 | 0 |
_aAtalaya _v134 |
|
| 650 |
_93073 _aLlibertat d'expressió |
||
| 942 |
_cMON _2udc |
||
| 999 |
_c5840 _d5840 |
||